<?xml version="1.0" encoding="UTF-8"?>
<record
    xmlns:xsi="http://www.w3.org/2001/XMLSchema-instance"
    xsi:schemaLocation="http://www.loc.gov/MARC21/slim http://www.loc.gov/standards/marcxml/schema/MARC21slim.xsd"
    xmlns="http://www.loc.gov/MARC21/slim">

  <leader>03670caa a22003972a 4500</leader>
  <controlfield tag="001">  004617</controlfield>
  <controlfield tag="003">  AR-FADEU</controlfield>
  <controlfield tag="008">  311216n########xxu####################dd</controlfield>
  <datafield tag="092" ind1=" " ind2=" ">
    <subfield code="a">321</subfield>
    <subfield code="b">I61</subfield>
  </datafield>
  <datafield tag="100" ind1=" " ind2=" ">
    <subfield code="a">Germani, Gino</subfield>
  </datafield>
  <datafield tag="245" ind1=" " ind2=" ">
    <subfield code="a">Hacia una democracia de masas</subfield>
  </datafield>
  <datafield tag="300" ind1=" " ind2=" ">
    <subfield code="a">PP. 139-160</subfield>
  </datafield>
  <datafield tag="500" ind1=" " ind2=" ">
    <subfield code="a">En: Introducci&#xF3;n al conocimiento de la sociedad y el estado /ed. Hilda Kogan. Buenos Aires : EUDEBA, 1996</subfield>
  </datafield>
  <datafield tag="942" ind1=" " ind2=" ">
    <subfield code="c">BDGR</subfield>
  </datafield>
  <datafield tag="773" ind1="0" ind2=" ">
    <subfield code="0">10435</subfield>
    <subfield code="9">9286</subfield>
    <subfield code="a"></subfield>
    <subfield code="b">3a. ed</subfield>
    <subfield code="d">Buenos Aires</subfield>
    <subfield code="o">12250</subfield>
    <subfield code="t">INTRODUCCION al conocimiento de la sociedad y el estado</subfield>
    <subfield code="w">(  AR-FADEU)  004612</subfield>
    <subfield code="x"></subfield>
    <subfield code="z">950-23-0593-0</subfield>
  </datafield>
  <datafield tag="773" ind1="0" ind2=" ">
    <subfield code="0">10435</subfield>
    <subfield code="9">9287</subfield>
    <subfield code="a"></subfield>
    <subfield code="b">3a. ed</subfield>
    <subfield code="d">Buenos Aires</subfield>
    <subfield code="o">12251</subfield>
    <subfield code="t">INTRODUCCION al conocimiento de la sociedad y el estado</subfield>
    <subfield code="w">(  AR-FADEU)  004612</subfield>
    <subfield code="x"></subfield>
    <subfield code="z">950-23-0593-0</subfield>
  </datafield>
  <datafield tag="773" ind1="0" ind2=" ">
    <subfield code="0">10435</subfield>
    <subfield code="9">9288</subfield>
    <subfield code="a"></subfield>
    <subfield code="b">3a. ed</subfield>
    <subfield code="d">Buenos Aires</subfield>
    <subfield code="o">12252</subfield>
    <subfield code="t">INTRODUCCION al conocimiento de la sociedad y el estado</subfield>
    <subfield code="w">(  AR-FADEU)  004612</subfield>
    <subfield code="x"></subfield>
    <subfield code="z">950-23-0593-0</subfield>
  </datafield>
  <datafield tag="773" ind1="0" ind2=" ">
    <subfield code="0">10435</subfield>
    <subfield code="9">9289</subfield>
    <subfield code="a"></subfield>
    <subfield code="b">3a. ed</subfield>
    <subfield code="d">Buenos Aires</subfield>
    <subfield code="o">12253</subfield>
    <subfield code="t">INTRODUCCION al conocimiento de la sociedad y el estado</subfield>
    <subfield code="w">(  AR-FADEU)  004612</subfield>
    <subfield code="x"></subfield>
    <subfield code="z">950-23-0593-0</subfield>
  </datafield>
  <datafield tag="773" ind1="0" ind2=" ">
    <subfield code="0">10435</subfield>
    <subfield code="9">9290</subfield>
    <subfield code="a"></subfield>
    <subfield code="b">3a. ed</subfield>
    <subfield code="d">Buenos Aires</subfield>
    <subfield code="o">12254</subfield>
    <subfield code="t">INTRODUCCION al conocimiento de la sociedad y el estado</subfield>
    <subfield code="w">(  AR-FADEU)  004612</subfield>
    <subfield code="x"></subfield>
    <subfield code="z">950-23-0593-0</subfield>
  </datafield>
  <datafield tag="773" ind1="0" ind2=" ">
    <subfield code="0">13079</subfield>
    <subfield code="9">11853</subfield>
    <subfield code="a"></subfield>
    <subfield code="b"></subfield>
    <subfield code="d">Buenos Aires</subfield>
    <subfield code="o">2240</subfield>
    <subfield code="t">INTRODUCCION al conocimiento de la sociedad y el estado</subfield>
    <subfield code="w">(  AR-FADEU)  007265</subfield>
    <subfield code="x"></subfield>
    <subfield code="z">950-23-0119-6</subfield>
  </datafield>
  <datafield tag="773" ind1="0" ind2=" ">
    <subfield code="0">13079</subfield>
    <subfield code="9">11854</subfield>
    <subfield code="a"></subfield>
    <subfield code="b"></subfield>
    <subfield code="d">Buenos Aires</subfield>
    <subfield code="o">2241</subfield>
    <subfield code="t">INTRODUCCION al conocimiento de la sociedad y el estado</subfield>
    <subfield code="w">(  AR-FADEU)  007265</subfield>
    <subfield code="x"></subfield>
    <subfield code="z">950-23-0119-6</subfield>
  </datafield>
  <datafield tag="773" ind1="0" ind2=" ">
    <subfield code="0">13079</subfield>
    <subfield code="9">11855</subfield>
    <subfield code="a"></subfield>
    <subfield code="b"></subfield>
    <subfield code="d">Buenos Aires</subfield>
    <subfield code="o">2242</subfield>
    <subfield code="t">INTRODUCCION al conocimiento de la sociedad y el estado</subfield>
    <subfield code="w">(  AR-FADEU)  007265</subfield>
    <subfield code="x"></subfield>
    <subfield code="z">950-23-0119-6</subfield>
  </datafield>
  <datafield tag="773" ind1="0" ind2=" ">
    <subfield code="0">13079</subfield>
    <subfield code="9">11856</subfield>
    <subfield code="a"></subfield>
    <subfield code="b"></subfield>
    <subfield code="d">Buenos Aires</subfield>
    <subfield code="o">2243</subfield>
    <subfield code="t">INTRODUCCION al conocimiento de la sociedad y el estado</subfield>
    <subfield code="w">(  AR-FADEU)  007265</subfield>
    <subfield code="x"></subfield>
    <subfield code="z">950-23-0119-6</subfield>
  </datafield>
  <datafield tag="773" ind1="0" ind2=" ">
    <subfield code="0">30641</subfield>
    <subfield code="9">29829</subfield>
    <subfield code="a"></subfield>
    <subfield code="b">2a. ed</subfield>
    <subfield code="d">Buenos Aires</subfield>
    <subfield code="o">21843</subfield>
    <subfield code="t">INTRODUCCION al conocimiento de la sociedad y el estado</subfield>
    <subfield code="w">(  AR-FADEU)  024955</subfield>
    <subfield code="x"></subfield>
    <subfield code="z">950-23-0231-1</subfield>
  </datafield>
  <datafield tag="773" ind1="0" ind2=" ">
    <subfield code="0">30641</subfield>
    <subfield code="9">29830</subfield>
    <subfield code="a"></subfield>
    <subfield code="b">2a. ed</subfield>
    <subfield code="d">Buenos Aires</subfield>
    <subfield code="o">21844</subfield>
    <subfield code="t">INTRODUCCION al conocimiento de la sociedad y el estado</subfield>
    <subfield code="w">(  AR-FADEU)  024955</subfield>
    <subfield code="x"></subfield>
    <subfield code="z">950-23-0231-1</subfield>
  </datafield>
  <datafield tag="773" ind1="0" ind2=" ">
    <subfield code="0">30641</subfield>
    <subfield code="9">29831</subfield>
    <subfield code="a"></subfield>
    <subfield code="b">2a. ed</subfield>
    <subfield code="d">Buenos Aires</subfield>
    <subfield code="o">21845</subfield>
    <subfield code="t">INTRODUCCION al conocimiento de la sociedad y el estado</subfield>
    <subfield code="w">(  AR-FADEU)  024955</subfield>
    <subfield code="x"></subfield>
    <subfield code="z">950-23-0231-1</subfield>
  </datafield>
  <datafield tag="773" ind1="0" ind2=" ">
    <subfield code="0">30641</subfield>
    <subfield code="9">29832</subfield>
    <subfield code="a"></subfield>
    <subfield code="b">2a. ed</subfield>
    <subfield code="d">Buenos Aires</subfield>
    <subfield code="o">21846</subfield>
    <subfield code="t">INTRODUCCION al conocimiento de la sociedad y el estado</subfield>
    <subfield code="w">(  AR-FADEU)  024955</subfield>
    <subfield code="x"></subfield>
    <subfield code="z">950-23-0231-1</subfield>
  </datafield>
  <datafield tag="773" ind1="0" ind2=" ">
    <subfield code="0">30641</subfield>
    <subfield code="9">29833</subfield>
    <subfield code="a"></subfield>
    <subfield code="b">2a. ed</subfield>
    <subfield code="d">Buenos Aires</subfield>
    <subfield code="o">21847</subfield>
    <subfield code="t">INTRODUCCION al conocimiento de la sociedad y el estado</subfield>
    <subfield code="w">(  AR-FADEU)  024955</subfield>
    <subfield code="x"></subfield>
    <subfield code="z">950-23-0231-1</subfield>
  </datafield>
  <datafield tag="773" ind1="0" ind2=" ">
    <subfield code="0">30641</subfield>
    <subfield code="9">29834</subfield>
    <subfield code="a"></subfield>
    <subfield code="b">2a. ed</subfield>
    <subfield code="d">Buenos Aires</subfield>
    <subfield code="o">21848</subfield>
    <subfield code="t">INTRODUCCION al conocimiento de la sociedad y el estado</subfield>
    <subfield code="w">(  AR-FADEU)  024955</subfield>
    <subfield code="x"></subfield>
    <subfield code="z">950-23-0231-1</subfield>
  </datafield>
  <datafield tag="773" ind1="0" ind2=" ">
    <subfield code="0">30641</subfield>
    <subfield code="9">29835</subfield>
    <subfield code="a"></subfield>
    <subfield code="b">2a. ed</subfield>
    <subfield code="d">Buenos Aires</subfield>
    <subfield code="o">21849</subfield>
    <subfield code="t">INTRODUCCION al conocimiento de la sociedad y el estado</subfield>
    <subfield code="w">(  AR-FADEU)  024955</subfield>
    <subfield code="x"></subfield>
    <subfield code="z">950-23-0231-1</subfield>
  </datafield>
  <datafield tag="773" ind1="0" ind2=" ">
    <subfield code="0">30641</subfield>
    <subfield code="9">29836</subfield>
    <subfield code="a"></subfield>
    <subfield code="b">2a. ed</subfield>
    <subfield code="d">Buenos Aires</subfield>
    <subfield code="o">21850</subfield>
    <subfield code="t">INTRODUCCION al conocimiento de la sociedad y el estado</subfield>
    <subfield code="w">(  AR-FADEU)  024955</subfield>
    <subfield code="x"></subfield>
    <subfield code="z">950-23-0231-1</subfield>
  </datafield>
  <datafield tag="773" ind1="0" ind2=" ">
    <subfield code="0">30641</subfield>
    <subfield code="9">29837</subfield>
    <subfield code="a"></subfield>
    <subfield code="b">2a. ed</subfield>
    <subfield code="d">Buenos Aires</subfield>
    <subfield code="o">21851</subfield>
    <subfield code="t">INTRODUCCION al conocimiento de la sociedad y el estado</subfield>
    <subfield code="w">(  AR-FADEU)  024955</subfield>
    <subfield code="x"></subfield>
    <subfield code="z">950-23-0231-1</subfield>
  </datafield>
  <datafield tag="773" ind1="0" ind2=" ">
    <subfield code="0">30641</subfield>
    <subfield code="9">29838</subfield>
    <subfield code="a"></subfield>
    <subfield code="b">2a. ed</subfield>
    <subfield code="d">Buenos Aires</subfield>
    <subfield code="o">21852</subfield>
    <subfield code="t">INTRODUCCION al conocimiento de la sociedad y el estado</subfield>
    <subfield code="w">(  AR-FADEU)  024955</subfield>
    <subfield code="x"></subfield>
    <subfield code="z">950-23-0231-1</subfield>
  </datafield>
  <datafield tag="773" ind1="0" ind2=" ">
    <subfield code="0">30641</subfield>
    <subfield code="9">29839</subfield>
    <subfield code="a"></subfield>
    <subfield code="b">2a. ed</subfield>
    <subfield code="d">Buenos Aires</subfield>
    <subfield code="o">21853</subfield>
    <subfield code="t">INTRODUCCION al conocimiento de la sociedad y el estado</subfield>
    <subfield code="w">(  AR-FADEU)  024955</subfield>
    <subfield code="x"></subfield>
    <subfield code="z">950-23-0231-1</subfield>
  </datafield>
  <datafield tag="773" ind1="0" ind2=" ">
    <subfield code="0">30641</subfield>
    <subfield code="9">29840</subfield>
    <subfield code="a"></subfield>
    <subfield code="b">2a. ed</subfield>
    <subfield code="d">Buenos Aires</subfield>
    <subfield code="o">21854</subfield>
    <subfield code="t">INTRODUCCION al conocimiento de la sociedad y el estado</subfield>
    <subfield code="w">(  AR-FADEU)  024955</subfield>
    <subfield code="x"></subfield>
    <subfield code="z">950-23-0231-1</subfield>
  </datafield>
  <datafield tag="999" ind1=" " ind2=" ">
    <subfield code="c">10440</subfield>
    <subfield code="d">10440</subfield>
  </datafield>
</record>
